Dialogo: le politiche sull'uguaglianza e la non-discriminazione

Đã lưu trong:
Chi tiết về thư mục
Tác giả của công ty: Fondazione Giacomo Brodolini
Định dạng: Sách
Ngôn ngữ:Tiếng Anh
Được phát hành: Roma Fondazione Giacomo Brodolini 2010
Loạt:economia & lavoro. Rivista quadrimestrale di politica economica, sociologia e relazioni industriali fondata da Giacomo Brodolini anno XLIV, n. 2 maggio-agosto 2010
Các nhãn: Thêm thẻ
Không có thẻ, Là người đầu tiên thẻ bản ghi này!

MARC

LEADER 00000nam a2200000 4500
005 20240605172300.0
008 240605b |||||||| |||| 00| 0 eng d
020 |a 9788843056231 
040 |c GP 
110 |a Fondazione Giacomo Brodolini 
245 |a Dialogo: le politiche sull'uguaglianza e la non-discriminazione 
260 |a Roma  |b Fondazione Giacomo Brodolini  |c 2010 
490 |a economia & lavoro. Rivista quadrimestrale di politica economica, sociologia e relazioni industriali fondata da Giacomo Brodolini  |v anno XLIV, n. 2 maggio-agosto 2010 
942 |2 ddc  |c BK  |n 0 
952 |0 0  |1 0  |2 ddc  |4 0  |6 306_766000000000000_CAR  |7 1  |9 1347  |a RM  |b RM  |d 2024-06-05  |l 0  |o 306.766 CAR  |p 179  |r 2024-06-05 17:23:18  |w 2024-06-05  |y BK 
999 |c 1239  |d 1239